000 00513nam a2200181Ia 4500
005 20250923144453.0
008 008 250917s9999 xx 000 0 eng d
037 _aTextual
040 _aDSWL
_beng
_cDSWL
041 _aeng
_2eng
084 _qDSWL
100 _aDavis, Kingsley
_9825236
245 0 _aPopulation of India & Pakistan
_cby Kingsley Davis
260 _aNew York
_b Princeton University Press U.S.A.
_c1953
300 _aviii,732p.
942 _cTEXL
999 _c1439300
_d1439300